Cuarenta años matrona. Comadre cigueña

Uloženo v:
Podrobná bibliografie
Hlavní autor: Burger, Lisbeth (Autor)
Médium: Kniha
Jazyk:španělština
Vydáno: Santiago Zig-Zag 1939
Vydání:2a. ed
Edice:Historia y Documentos
Témata:
Tagy: Přidat tag
Žádné tagy, Buďte první, kdo vytvoří štítek k tomuto záznamu!

MARC

LEADER 00000nam a2200000 a 4500
001 UCI4814
003 CL-VaPUC
008 080307e19390000CL |||||||||||||||||spa|d
082 0 4 |a 808.883  |b BUR  |2 21 
100 0 |a Burger, Lisbeth  |e author  |9 526863 
245 1 0 |a Cuarenta años matrona. Comadre cigueña 
250 |a 2a. ed 
300 |a 295 p 
942 |c BK 
945 |d 20080307 00:00:00  |a rbrito 
260 |a Santiago  |b Zig-Zag  |c 1939 
500 |a Donación padres capuchinos 
650 0 |a Autobiografías   |9 265171 
650 0 |a Biografías  |9 255210 
650 7 |a PUERICULTURA  |2 CL-VaPUC  |9 351389 
650 7 |a PARTO  |2 CL-VaPUC  |9 310888 
650 7 |a NASCIMIENTO  |2 CL-VaPUC  |9 526864 
583 |a last modification  |c 20080307 00:00:00  |k Rodrigo Vera 
490 0 |a Historia y Documentos 
999 |c 328661  |d 328659 
952 |0 0  |1 0  |4 0  |6 808_883000000000000_BUR_1939  |7 0  |8 X  |9 412731  |a FDOBUD  |b FDOBUD  |d 2019-11-22  |i 4408799  |o 808.883 BUR 1939  |p 4408799  |r 2019-11-22  |w 2019-11-22  |y BK_X  |k BUD